Những tác phẩm lớn trong văn chương thế giới

Sách trình bày tóm tắt nội dung, kèm tiểu sử tác giả của trên một trăm tác phẩm tiêu biểu trong kho tàng văn chương thế giới, hoặc nó đã đánh dấu một trào lưu tư tưởng trong quá khứ, hoặc nó là những tác phẩm có giá trị tuyệt đối, h...

Descrición completa

Gardado en:
Detalles Bibliográficos
Autor Principal: Vũ Dzũng
Formato: Libro
Idioma:Undetermined
Publicado: Hà Nội Văn Học 1997
Những chủ đề:
Các nhãn: Engadir etiqueta
Sen Etiquetas, Sexa o primeiro en etiquetar este rexistro!
Thư viện lưu trữ: Trung tâm Học liệu Trường Đại học Cần Thơ
LEADER 00999nam a2200181Ia 4500
001 CTU_22457
008 210402s9999 xx 000 0 und d
082 |a 809 
082 |b Nh556 
100 |a Vũ Dzũng 
245 0 |a Những tác phẩm lớn trong văn chương thế giới 
245 0 |c Vũ Dzũng 
260 |a Hà Nội 
260 |b Văn Học 
260 |c 1997 
520 |a Sách trình bày tóm tắt nội dung, kèm tiểu sử tác giả của trên một trăm tác phẩm tiêu biểu trong kho tàng văn chương thế giới, hoặc nó đã đánh dấu một trào lưu tư tưởng trong quá khứ, hoặc nó là những tác phẩm có giá trị tuyệt đối, hoặc nó đã được độc giả nồng nhiệt đón nhận trong một giai đoạn nào đó 
650 |a literature - collections 
980 |a Trung tâm Học liệu Trường Đại học Cần Thơ